00516nam a22001577a 450000500170000000800410001702000150005804100130007308200150008610000250010124501080012625000190023426000470025330000330030065000250033320231031103153.0231031b |||||||| |||| 00| 0 eng d a0702104329 aEnglish  a346.7 CAN  aCaney, LR lEnglish  aA Treatise on the Law relating to Novation Including delegation, Compromise and Res JudicatacLR Caney  aSecond Edition aCape Town : bJuta and Company Ltd, c1973 bxxiii, 112 pages ; c22 cm.  aegal practice bLaw